00522nam a2200205Ia 450000500170000000800410001702000100005804000190006804100120008708200180009910000140011724500550013125000120018626000330019830000270023165000140025865100100027270000240028285000100030620240217112809.0131103s9999 xx 000 0 und d cRs.75 aLoreto College aEnglish a370.954 bBIS aBiswas,A. aComparative Education, cA.Biswas & J.C.Aggarwal a3rd ed. aDelhibArya Book Depotc1986 axix,144 p.b ill.,fig. aEducation aIndia aAggarwal,J.C.,auth. aLCLIB